00952nam a2200301 i 450000100060000000300090000600500170001500800410003204000350007304100080010804600090011608000120012510000300013724500400016726000650020730000380027238000160031038800140032638800140034049000450035460000340039964800140043365000220044765500250046965800210049483000370051585600980055250031KOSZ 00520210930130608.0950505s1967 gw a g |000 0 ger d cKOSZ 005aKOSZ005dKOSZ 005/HR0 ager k1967 a75(430)1 aGrohn, Hans WernereAutor10aHans Holbein /c Hans Werner Grohn. aBergisch Gladbach :bBastei-Verlag Gustav H. Lübbe,c1967. a[7] s., [XVI] k. :bil. ;c36 cm. aKsiążki a1901-2000 a1945-19891 aBastei Galerie der grossen MalervNr. 161 aHolbein, Hansd(ca 1497-1543) 4a1501-1600 4aMalarze niemieccy 4aMalarstwo niemieckie aKultura i sztuka 0aBastei Galerie der grossen Maler uhttp://koha.tu.koszalin.pl/cgi-bin/koha/opac-detail.pl?biblionumber=50031yKatalog online BPK